000 02275nam0a2200373 4500
001 RU\NLR\BIBL_A\012024571
005 20190624170945.0
010 _a978-5-6042606-1-6
_9100
021 _aRU
_bКН-П-19-033453
_9КН-П-19-2485
035 _a(NLR Aleph) 012024571
035 _a(RuMoRGB)009974248
090 _a11519281
_c11519281
100 _a20190529d2019 u y0rusy50 ca
101 0 _arus
102 _aRU
105 _aa|||j|||000zy
200 1 _aСоциально-коммуникативное развитие младших школьников: теоретическое и практическое обеспечение
_eучебно-методическое пособие
_fО. Ю. Байбакова, С. С. Журавлева
_gКомитет образования и науки Курской области, Областное государственное бюджетное учреждение дополнительного профессионального образования "Курский институт развития образования" (ОГБУ ДПО КИРО)
210 _aКурск
_cУчитель
_d2019
215 _a129 с.
_cил., табл.
_d21
300 _aНа обороте тит. л. авт.: Байбакова О. Ю., к.п.н., Журавлева С. С., к.психол.н.
320 _aБиблиогр.: с. 60-61 (25 назв.)
606 1 _aДети младшего школьного возраста
_jУчебно-методические пособия
_xРазвитие коммуникативности
_92164177
_3RU\NLR\AUTH\6601539198
606 1 _aЛичность школьника
_jУчебно-методические пособия
_xФормирование
_91534350
_3RU\NLR\AUTH\66668484
686 1 _aЧ421.352.25,01я7
686 1 _aЮ983.402.1я7
686 1 _aЮ984.0я7
686 1 _aЮ983.723я7
700 1 _aБайбакова
_bО. Ю.
_gОльга Юрьевна
701 1 _7ca
_8rus
_aЖуравлева
_bС. С.
_cканд. психол. наук
_gСветлана Сергеевна
_9195172
_3RU\NLR\AUTH\770195223
942 _cBOOK
980 _aNBR
980 _aNB